<?xml version="1.0" encoding="UTF-8"?>
<record
    xmlns:xsi="http://www.w3.org/2001/XMLSchema-instance"
    xsi:schemaLocation="http://www.loc.gov/MARC21/slim http://www.loc.gov/standards/marcxml/schema/MARC21slim.xsd"
    xmlns="http://www.loc.gov/MARC21/slim">

  <leader>01020cam a2200253 i 4500</leader>
  <controlfield tag="001"> 84972</controlfield>
  <controlfield tag="003">BD-RjUL</controlfield>
  <controlfield tag="005">20250521143443.0</controlfield>
  <controlfield tag="008">801110s1977    ii       b    000 0 urdo </controlfield>
  <datafield tag="035" ind1=" " ind2=" ">
    <subfield code="a">(BD-RjUL) 84972</subfield>
  </datafield>
  <datafield tag="040" ind1=" " ind2=" ">
    <subfield code="a">DLC</subfield>
    <subfield code="c">DLC</subfield>
    <subfield code="d">DLC</subfield>
    <subfield code="b">eng</subfield>
  </datafield>
  <datafield tag="041" ind1=" " ind2=" ">
    <subfield code="a">urd</subfield>
  </datafield>
  <datafield tag="082" ind1=" " ind2=" ">
    <subfield code="2">23</subfield>
    <subfield code="a">891.4391109</subfield>
    <subfield code="b">HAJ</subfield>
  </datafield>
  <datafield tag="100" ind1="1" ind2=" ">
    <subfield code="a"> &#x62D;&#x646;&#x641;&#x649;&#x60C; &#x634;&#x645;&#x649;&#x645;&#x60C; ;; &#x1E24;anaf&#x12B;, Sham&#x12B;m.</subfield>
    <subfield code="9">15634</subfield>
  </datafield>
  <datafield tag="245" ind1="1" ind2="0">
    <subfield code="a">&#x62C;&#x62F;&#x6CC;&#x62F;&#x649;&#x6CC;&#x62A; &#x6A9;&#x649; &#x641;&#x644;&#x633;&#x641;&#x649;&#x627;&#x646;&#x6C1; &#x627;&#x633;&#x627;&#x633;   / Jad&#x12B;diyyat k&#x12B; falsafiy&#x101;nah as&#x101;s /</subfield>
    <subfield code="c">Sham&#x12B;m &#x1E24;anaf&#x12B;.&#x634;&#x645;&#x649;&#x645; &#x62D;&#x646;&#x641;&#x649;.&#x60C;</subfield>
  </datafield>
  <datafield tag="260" ind1=" " ind2=" ">
    <subfield code="a">Na&#x2BC;&#x12B; Dihle :</subfield>
    <subfield code="b">Maktabah-yi J&#x101;mi&#x2BB;ah,</subfield>
    <subfield code="c">1977.</subfield>
  </datafield>
  <datafield tag="300" ind1=" " ind2=" ">
    <subfield code="a">400, 4 p. ;</subfield>
    <subfield code="c">23 cm.</subfield>
  </datafield>
  <datafield tag="500" ind1=" " ind2=" ">
    <subfield code="a">In Urdu.</subfield>
  </datafield>
  <datafield tag="500" ind1=" " ind2=" ">
    <subfield code="a">Part of the author's dissertation, D. Litt. Aligarh Muslim University, 1976 entitled: B&#x12B;sv&#x12B;n&#x332; &#x1E63;ad&#x12B; k&#x12B; Urd&#x16B; sh&#x101;&#x2BB;ir&#x12B; men&#x332; jad&#x12B;diyyat k&#x12B; falsafiy&#x101;nah as&#x101;s.</subfield>
  </datafield>
  <datafield tag="504" ind1=" " ind2=" ">
    <subfield code="a">Bibliography: p. [391]-400.</subfield>
  </datafield>
  <datafield tag="650" ind1=" " ind2="0">
    <subfield code="a">Urdu literature</subfield>
    <subfield code="y">20th century</subfield>
    <subfield code="x">History and criticism.</subfield>
    <subfield code="9">15453</subfield>
  </datafield>
  <datafield tag="650" ind1=" " ind2="0">
    <subfield code="a">Modernism (Literature)</subfield>
    <subfield code="z">India.</subfield>
    <subfield code="9">15635</subfield>
  </datafield>
  <datafield tag="942" ind1=" " ind2=" ">
    <subfield code="2">ddc</subfield>
    <subfield code="c">BK</subfield>
  </datafield>
  <datafield tag="999" ind1=" " ind2=" ">
    <subfield code="c">84972</subfield>
    <subfield code="d">84972</subfield>
  </datafield>
  <datafield tag="952" ind1=" " ind2=" ">
    <subfield code="0">0</subfield>
    <subfield code="1">0</subfield>
    <subfield code="2">ddc</subfield>
    <subfield code="4">0</subfield>
    <subfield code="7">1</subfield>
    <subfield code="8">NFIC</subfield>
    <subfield code="a">RUCL</subfield>
    <subfield code="b">RUCL</subfield>
    <subfield code="c">Reading</subfield>
    <subfield code="d">1980-03-25</subfield>
    <subfield code="e">India International</subfield>
    <subfield code="g">25.00</subfield>
    <subfield code="l">0</subfield>
    <subfield code="o">U 891.4391109 HAJ 1977</subfield>
    <subfield code="r">2025-05-21 00:00:00</subfield>
    <subfield code="t">C-1</subfield>
    <subfield code="w">2025-05-21</subfield>
    <subfield code="y">BK</subfield>
  </datafield>
</record>
